| 000 | 00000nam##2200000za#4500 |
| 001 | 9.698348 |
| 003 | CaOODSP |
| 005 | 20210624235904 |
| 007 | cr ||||||||||| |
| 008 | 150407|1998||||xxc|||||o f|0| 0 eng|d |
| 040 | |aCaOODSP|beng |
| 043 | |an-cn--- |
| 086 | 1 |aSC3-88/1998E-PDF |
| 110 | 2 |aPublic Service Commission of Canada. |
| 245 | 10|aFacing the challenge : |h[electronic resource]|brecruiting the next generation of university graduates to the public service / |c[by] Jennifer L. Smith and Susan Snider. |
| 260 | |aOttawa - Ontario : |bPublic Service Commission |cc1998. |
| 300 | |a103p.|bgraphs, references, tables |
| 500 | |aThe catalogue number (SC3-88/1998) and ISBN (0-662-63675-9) for the bilingual print edition have been incorrectly copied in this electronic publication. |
| 590 | |a13-19-Supp|b2013-08-14 |
| 690 | 07|aLabour market|2gcpds |
| 690 | 07|aPublic service|2gcpds |
| 720 | 1 |aSmith, Jennifer L. |
| 720 | 1 |aSnider, Susan |
| 775 | 08|tRelever le défi : |w(CaOODSP)9.642361 |
| 776 | 0#|tFacing the challenge : |w(CaOODSP)9.660327 |
| 776 | 0#|tRelever le défi : |w(CaOODSP)9.660328 |
| 856 | 40|ahttp://publications.gc.ca|qPDF|s636 KB|uhttps://publications.gc.ca/collections/Collection/SC3-88-1998E.pdf |